| 000 | 004200000a22001690004500 | ||
|---|---|---|---|
| 003 | MACL | ||
| 005 | 20160108155323.0 | ||
| 008 | 160108b xxu||||| |||| 00| 0 eng d | ||
| 040 |
_aMACL _cMACL |
||
| 041 | _aEnglish | ||
| 082 | _a920/ROM | ||
| 100 |
_aNathaniel, George _929937 |
||
| 245 | _aThe Life of Lord Curzon | ||
| 260 |
_bErnest Benn Limited _aLondon |
||
| 650 |
_aBiography _929938 |
||
| 942 |
_cBK _k920/NAT _2ddc |
||
| 999 |
_c37002 _d37002 |
||